Mystery Taylor Swift Song #132 - Statistics

General Stats
  • This quiz has been taken 218 times
  • The average score is 59 of 108
Answer Stats
Song % Correct
Red
95%
I
91%
a
90%
you
87%
the
86%
love
84%
We
82%
to
81%
is
80%
on
80%
your
78%
be
77%
it
77%
I'm
76%
and
75%
do
75%
(this
75%
this
75%
ever
74%
last
73%
one
72%
time)
72%
time
72%
hear
71%
No
71%
No)
71%
of
71%
Her
70%
that
70%
you're
70%
it's
69%
its
69%
but
68%
We're
68%
I'll
67%
(What
67%
What
67%
can't
66%
could
66%
never
65%
how
62%
so
62%
Babe
61%
babe?
61%
(babe
61%
babe
61%
said
61%
Didn't
60%
got
60%
have
60%
(oh
60%
oh)
60%
want
60%
every
58%
away
56%
call
55%
won't
55%
should
54%
about
52%
here
52%
because
51%
down
51%
has
51%
shame
51%
that's
51%
yeah
51%
made
50%
really
50%
else
46%
getting
43%
promise
43%
through
43%
ain't
42%
blew
42%
lips
41%
look
40%
promises
40%
promises?
40%
floor
39%
hate
39%
break
38%
face
37%
kitchen
37%
mistake
37%
ball
36%
wreck
36%
wrecking
36%
Big
35%
broke
35%
doesn't
34%
keep
34%
unsee
34%
admitted
33%
Since
33%
waste
33%
neck
32%
picturing
30%
plans
30%
sweetest
30%
consequence
27%
innocent
27%
pictures
25%
secret
25%
strange
25%
Taking
25%
(Eh
19%
eh
19%
eh)
19%
No matching quizzes found
Score Distribution
Percent of People with Each Score
Percentile by Number Answered
Your Score History
You have not taken this quiz